1990s TV Series (in other words) Quiz Stats

 Plays Quiz not verified by Sporcle

Score 0/16 Timer 04:00
0 Plays Today
...in other words TV Series % Correct
CompanionsFriends
93.9%
Legislation and StructureLaw and Order
92.2%
Which Person Desires 1,000 Benjamins?Who Wants to be a Millionaire?
90.3%
Ruler of the MoundKing of the Hill
85.6%
Copulation and the MetropolisSex and the City
76.1%
Male Child is Introduced to the EarthBoy Meets World
69.9%
Three Aces and Two JacksFull House
67.6%
Kinfolk OccurrencesFamily Matters
58.1%
...in other words TV Series % Correct
Residence EnhancementHome Improvement
52.5%
Angry Concerning Time's 'Person of the Year' (2006)Mad About You
44.1%
EntrancedCharmed
40.2%
Crisis ChamberER
14.2%
Determination and CompassionWill and Grace
13.6%
Tales of the Surreptitious SanctuaryLegends of the Hidden Temple
10.4%
Confederacy ReserveSouth Park
9.8%
(Energy/Time) Elite Army GroupPower Rangers
8.1%

You're not logged in!

Compare scores with friends on all Sporcle quizzes.
OR
Log In

Show Comments

Extras

Created Oct 25, 2010SourceReportNominate
Tags:1990, 1990s, In Other Words, pop

Top Quizzes Today


Score Distribution

Your Account Isn't Verified!

In order to create a playlist on Sporcle, you need to verify the email address you used during registration. Go to your Sporcle Settings to finish the process.

Report this User

Report this user for behavior that violates our Community Guidelines.

Details: